000 00753nam a2200205 a 4500
003 0
005 20250625093700.0
008 021126s19uu xx 00 eng d
050 _aPGS GV 1469.15
_b.Ac185 2000
100 _aAcosta, Riane R.
245 _aA survey on gaming habits of selected grade six students of Southville International School /
_cRiane R. Acosta.
260 _aLas PiƱas City, Philippines :
_bSouthville International School and Colleges,
_c2000.
300 _a18 pages :
_billustrations ;
_c28 cm.
504 _aIncludes bibliographical references.
650 _aVideo games.
650 _aChildren
_vRecreation.
650 _aVideo games
_vSocial aspects.
650 _aGrade school students
_vAttitudes.
942 _2lcc
_cPASS
999 _c96377
_d96377